Statistical methods with applications to demography and life insurance /

Bibliographic Details
Main Author: Khmaladze, Estáte V.
Corporate Author: Taylor & Francis
Other Authors: Roberts, Leigh, Khmaladze, Mzia
Format: eBook
Language:English
Published: Boca Raton, Fla. : CRC Press, 2013.
Edition:Rev. and expanded version of the Russian ed. /
Subjects:
Online Access:Connect to the full text of this electronic book

MARC

Tag First Indicator Second Indicator Subfields
LEADER 00000cam a2200000Ma 4500
001 in00005652813
006 m o d
007 cr |||||||||||
008 130619s2013 fluad ob 001 0 eng d
005 20250728184624.5
035 |a (OCoLC)ocn849801792 
040 |a UAB  |b eng  |e pn  |c UAB  |d OCLCO  |d CUS  |d OCLCF  |d OCLCO  |d CRCPR  |d OCLCQ  |d UAB  |d NJR  |d OCLCQ  |d ERL  |d OCLCQ  |d U3W  |d ITD  |d TYFRS  |d LEAUB  |d OCLCQ  |d OCLCO  |d OCLCQ  |d OCLCO  |d OCLCL  |d OCLCQ 
019 |a 1031040853  |a 1048762348  |a 1067244844  |a 1082194614  |a 1086444446  |a 1110605060  |a 1162180387 
020 |a 9781466505742  |q (e-book ;  |q PDF) 
020 |a 1466505745  |q (e-book ;  |q PDF) 
020 |a 1466505737 
020 |a 9781466505735 
020 |a 9780429096488  |q (e-book ;  |q PDF) 
020 |a 0429096488 
020 |z 9781466505735  |q (hardcover ;  |q alk. paper) 
024 7 |a 10.1201/b14074  |2 doi 
035 |a (OCoLC)849801792  |z (OCoLC)1031040853  |z (OCoLC)1048762348  |z (OCoLC)1067244844  |z (OCoLC)1082194614  |z (OCoLC)1086444446  |z (OCoLC)1110605060  |z (OCoLC)1162180387 
050 4 |a HG8781  |b .K43 2013 
082 0 4 |a 368.01  |b K457 
049 |a TXAM 
100 1 |a Khmaladze, Estáte V. 
245 1 0 |a Statistical methods with applications to demography and life insurance /  |c Estáte V. Khmaladze. 
250 |a Rev. and expanded version of the Russian ed. /  |b editor of the English translation: Dr. Leigh Roberts, translator: Dr. Mzia Khmaladze. 
260 |a Boca Raton, Fla. :  |b CRC Press,  |c 2013. 
300 |a 1 online resource (xiii, 228 pages) :  |b illustrations 
336 |a text  |b txt  |2 rdacontent 
337 |a computer  |b c  |2 rdamedia 
338 |a online resource  |b cr  |2 rdacarrier 
504 |a Includes bibliographical references and index. 
505 0 |a 1. Duration of life as a random variable -- 2. Models of distribution functions F(x) and force of mortality u(x) -- 3. The empirical distribution function of duration of life -- 4. Deviation of F?n(x) from F(x) as a random process -- 5. Limit of empirical process : Brownian bridge ; Distribution of x2 goodness of fit statistic -- 6. Statistical consequences of what we have learned so far ; two-sample problems -- 7. Testing parametric hypotheses. Unexpected example -- exponentiality of durations of rule of Roman emperors -- 8. Estimation of the rate of mortality -- 9. Censored observations ; Related point processes -- 10. Kaplan-Meier estimator (product-limit estimator) for F -- 11. Statistical inference about F, based on the Kaplan-Meier estimator -- 12. Life insurance and net premiums -- 13. More on net premiums. Endowments and annuities -- 14. Annuities certain ; Some problems of general theory -- 15. Right-tail behavior of F?n ; Non-parametric confidence bounds for expected remaining life -- 16. Population dynamics. 
650 0 |a Actuarial science. 
650 0 |a Demography  |x Mathematical models. 
650 6 |a Actuariat. 
650 6 |a Démographie  |x Modèles mathématiques. 
650 7 |a Actuarial science  |2 fast 
650 7 |a Demography  |x Mathematical models  |2 fast 
655 7 |a Electronic books.  |2 local 
700 1 |a Roberts, Leigh. 
700 1 |a Khmaladze, Mzia. 
710 2 |a Taylor & Francis. 
758 |i has work:  |a Statistical methods with applications to demography and life insurance (Text)  |1 https://id.oclc.org/worldcat/entity/E39PCFJcPyjPBqkG7pRpvt4Jfy  |4 https://id.oclc.org/worldcat/ontology/hasWork 
776 1 |z 9781466505735 
856 4 0 |u http://proxy.library.tamu.edu/login?url=https://www.taylorfrancis.com/books/9780429096488  |z Connect to the full text of this electronic book  |t 0 
955 |a Taylor and Francis MATHnetBASE 
994 |a 92  |b TXA 
999 f f |s a1c8375f-0c2f-46ce-912f-53bf7f47f6aa  |i f9d05720-60d3-4a8f-8517-527bdb803d6d  |t 0 
952 f f |a Texas A&M University  |b College Station  |c Electronic Resources  |d Available Online  |t 0  |e HG8781 .K43 2013  |h Library of Congress classification 
998 f f |a HG8781 .K43 2013  |t 0  |l Available Online